| 000 | 00602nam a2200169 i 4500 | ||
|---|---|---|---|
| 001 | 142519 | ||
| 003 | ES-MaACL | ||
| 005 | 20230906200538.0 | ||
| 007 | t| | ||
| 008 | 071005s1934 sp ||||1| spa d | ||
| 100 | 1 |
_aVilanova, María. _9114777 |
|
| 245 | 1 | 3 |
_aEl tesoro de la ciencia eterna de Dios _b: (tercera parte) / _cdictado por los espíritus más elevados de la creación a María Vilanova del grupo "Amor y Vida". |
| 260 |
_aBarcelona : _b[s.n.], _c1934 ( _fImp. Rubí) |
||
| 300 |
_a554 p., [1] lám. retr, autora ; _c22 cm. |
||
| 650 | 1 | 4 |
_aEspiritismo. _912502 |
| 852 |
_aES-MaACL _jA-3135 |
||
| 999 |
_c142519 _d142519 |
||